Taylor Swift - Chansons de l'album 1989 par ordre alphabétique - Statistiques

Statistiques générales
  • Ce quiz a été pris 123 fois
  • Le résultat moyen est 19 sur 22
Statistiques - réponses
Hint Réponse % Correct
B Blank Space
96%
B Bad Blood
95%
C Clean
94%
O Out Of The Woods
92%
S Style
89%
A All You Had To Do Was Stay
87%
H How You Get The Girl
87%
S Shake It Off
87%
W Wildest Dreams
86%
W Wonderland
86%
N Now That We Don't Talk
85%
Y You Are In Love
85%
I Is It Over Now?
84%
N New Romantics
84%
S "Slut!"
82%
T This Love
82%
S Say Don't Go
81%
W Welcome to New York
81%
I I Know Places
78%
I I Wish You Would
78%
S Suburban Legends
77%
S Sweeter Than Fiction
58%
Aucun quiz correspondant
Distribution des résultats
% des personnes avec chaque résultat
Percentile par nombre de réponses
Votre historique - résultats
Vous n’avez pas pris ce quiz